| 000 | 00449nam a2200181Ia 4500 | ||
|---|---|---|---|
| 005 | 20250423094549.0 | ||
| 008 | 250422s9999 xx 000 0 und d | ||
| 020 | _a978-1-59784-260-0 | ||
| 050 | _aBP 253 .Z8 B33513/ | ||
| 100 | _aBalcı, Ramazan, 1963- | ||
| 245 | 0 | _aBediuzzaman Said Nursi : "wonder of the age" | |
| 260 | _aClifton, N.J. | ||
| 260 | _bTughra Books | ||
| 260 | _c2011 | ||
| 300 | _a244 p | ||
| 650 | _aIslam | ||
| 942 | _cBK | ||
| 999 |
_c27619 _d27619 |
||